[Event "LL Nord Werder 3 -Werder 4"]
[Site "?"]
[Date "2019.09.29"]
[Round "1.1"]
[White "Brinkmann, Fabian"]
[Black "Charmeteau, Sven"]
[Result "1-0"]
[WhiteElo "2114"]
[BlackElo "2348"]
[Annotator "Steph"]
[PlyCount "75"]

1. e4 c5 2. Nf3 Nc6 3. Bb5 e6 4. Bxc6 bxc6 5. d3 Ne7 6. Qe2 f6 7. e5 Ng6 8. h4
Be7 9. h5 Nxe5 10. Nxe5 fxe5 11. h6 g6 12. Qxe5 Rg8 13. Nd2 d6 14. Qg3 e5 15.
b3 Qd7 16. f3 Qe6 17. Bb2 Bd7 18. O-O-O O-O-O 19. Rde1 Rde8 20. Nc4 g5 21. Re2
Rg6 22. Rhe1 Rxh6 23. Nxe5 $6 dxe5 24. Bxe5 Bd8 25. Bg7 Bc7 $2 $138 (25... Qg6
$17) 26. Qf2 $18 Qg6 27. Rxe8+ Bxe8 28. Bxh6 Ba5 29. Re5 Bc3 30. Rxc5 Bb4 31.
Re5 Qxh6 32. Rxe8+ Kd7 33. Re4 c5 34. Kb2 Qf6+ 35. d4 c4 36. c3 Bd6 37. bxc4
Bf4 38. Qc2 1-0

[Event "LL Nord Werder 3 -Werder 4"]
[Site "?"]
[Date "2019.09.29"]
[Round "1.2"]
[White "Kardoeus, David"]
[Black "Pollmann, Sascha"]
[Result "1-0"]
[WhiteElo "2163"]
[BlackElo "2126"]
[Annotator "KD"]
[PlyCount "99"]
[EventDate "2017.12.10"]

1. e4 e6 2. d4 d5 3. Nd2 c5 4. exd5 exd5 5. Ngf3 Nc6 6. Bb5 cxd4 7. O-O Bd6 8.
Nxd4 Nge7 (8... Bxh2+ 9. Kxh2 Qh4+ 10. Kg1 Qxd4 11. c3 Qg4 12. Re1+ Nge7 13.
Qxg4 Bxg4 14. Nb3 $44) 9. h3 O-O 10. N2f3 Nxd4 11. Nxd4 Bc7 12. Bd3 Qd6 13. g3
Qf6 14. Kg2 Bb6 15. Be3 Ng6 16. c3 Bd7 17. Qh5 Rfe8 18. Rad1 Re5 19. Qf3 Qxf3+
(19... Bxh3+ 20. Kxh3 Bxd4 21. Qxf6 Rh5+ 22. Qh4 Nxh4 23. Bxd4 $18) 20. Nxf3
Bxe3 21. Nxe5 Nxe5 22. fxe3 Nxd3 23. Rxd3 Re8 24. Rfd1 f6 25. Rxd5 Bc6 26. Kf3
(26. e4 Rxe4 27. Rd8+ Kf7 {auch möglich.}) 26... Bxd5+ 27. Rxd5 Re7 28. e4 Kf7
29. Ke3 Rc7 30. Kd4 Ke6 31. b4 a6 32. c4 b6 33. a4 Rc6 34. b5 axb5 35. axb5 Rc8
36. c5 bxc5+ 37. Rxc5 (37. Kc4 {[%cal Gb5b7] ist auch eine meiner Ideen gewesen
}) 37... Rd8+ 38. Kc4 Rd1 39. b6 Rb1 40. Rb5 Rc1+ 41. Kd3 Rd1+ 42. Ke3 $1 Rd8
43. b7 Rb8 44. Kd4 Kd6 45. Rb6+ Kc7 46. Kc5 h5 47. Rb5 g6 48. Rb6 f5 49. Rxg6
Kxb7 50. Rb6+ 1-0

[Event "LL Nord Werder 3 -Werder 4"]
[Site "?"]
[Date "2019.09.29"]
[Round "1.3"]
[White "Schoetzig, Detlef"]
[Black "Buchal, Stephan"]
[Result "1/2-1/2"]
[WhiteElo "2106"]
[BlackElo "2248"]
[Annotator "Stephan"]
[PlyCount "38"]

1. d4 g6 2. Nf3 Bg7 3. e4 d6 4. h3 Nf6 5. Nc3 O-O 6. Be3 c6 7. a4 Qc7 8. Be2
Nbd7 9. O-O e5 10. dxe5 Nxe5 11. Nxe5 dxe5 12. Bc4 Nh5 13. Qf3 Nf4 14. Rfd1 Be6
15. Bf1 f5 $6 16. Bc5 fxe4 17. Qxe4 Bf5 18. Qc4+ (18. Qe3 $5 $16) 18... Be6 19.
Qe4 Bf5 1/2-1/2

[Event "LL Nord Werder 3 -Werder 4"]
[Site "?"]
[Date "2019.09.29"]
[Round "1.4"]
[White "Steffens, Olaf"]
[Black "Bart, Simon"]
[Result "1-0"]
[WhiteElo "2175"]
[BlackElo "2086"]
[PlyCount "105"]

1. c3 d5 2. Qa4+ Qd7 3. Qc2 e5 4. d3 Nf6 5. Nd2 Nc6 6. h3 Bc5 7. g4 O-O 8. Bg2
Bb6 9. Nf1 h5 10. g5 Ne8 11. Bf3 g6 12. Ne3 Ne7 13. a4 c6 14. a5 Bc7 15. Qa4
Ng7 16. c4 Qd6 17. Bd2 d4 18. Nf1 Ne6 19. Ng3 h4 20. Ne4 Qd8 21. Bg4 Kg7 22.
Nf3 Nf5 23. b4 Nd6 24. Nf6 Ne8 25. Nxe8+ Rxe8 26. Rg1 e4 27. dxe4 Nf4 28. Rd1
Rxe4 29. Bxf4 Bxf4 30. Qa1 Qe7 31. Kf1 Be5 32. Nxd4 Bxg4 33. Rxg4 Rxg4 34. hxg4
Qxg5 35. Nf3 Bxa1 36. Nxg5 Bf6 37. Ne4 Rd8 38. Rxd8 Bxd8 39. Nd6 Be7 40. Nxb7
Bxb4 41. a6 c5 42. Nd6 Ba5 43. Nc8 Kf6 44. Nxa7 Bc7 45. Kg2 Kg5 46. Kh3 Kf4 47.
Nc6 Bb6 48. a7 Bxa7 49. Nxa7 g5 50. Nc6 f5 51. e3+ Ke4 52. gxf5 Kxf5 53. f3 1-0

[Event "LL Nord Werder 3 -Werder 4"]
[Site "?"]
[Date "2019.09.29"]
[Round "1.5"]
[White "Schat, Carlos"]
[Black "Franke, Reiner"]
[Result "1/2-1/2"]
[WhiteElo "2091"]
[BlackElo "2185"]
[PlyCount "36"]

1. Nf3 c5 2. e4 Nc6 3. d4 cxd4 4. Nxd4 g6 5. Nc3 Bg7 6. Be3 Nf6 7. Bc4 d6 8. f3
Qb6 9. Nf5 Qxb2 10. Nxg7+ Kf8 11. Nd5 Nxd5 12. Bxd5 Kxg7 13. O-O Qc3 14. Qc1
Be6 15. Bh6+ Kg8 16. Bd2 Qc5+ 17. Be3 Qc3 18. Bd2 Qc5+ 1/2-1/2

[Event "LL Nord Werder 3 -Werder 4"]
[Site "?"]
[Date "2019.09.29"]
[Round "1.6"]
[White "Lai Hop, Duong"]
[Black "Buescher, Andre"]
[Result "1/2-1/2"]
[WhiteElo "2180"]
[BlackElo "1991"]
[PlyCount "134"]

1. d4 Nf6 2. Bf4 g6 3. e3 Bg7 4. Nf3 O-O 5. h3 d6 6. Nbd2 c5 7. c3 Be6 8. Bd3
Qb6 9. Qb1 Nc6 10. O-O cxd4 11. exd4 Bd5 12. Be3 Nd7 13. Nh2 f5 14. Nc4 Qc7 15.
f4 e5 16. dxe5 dxe5 17. Na3 Nf6 18. Qe1 Rad8 19. Bc2 a6 20. Qf2 Rd7 21. Rfd1
Kh8 22. fxe5 Nxe5 23. Bd4 Ne4 24. Bxe4 Bxe4 25. Bb6 Qc6 26. Rxd7 Nxd7 27. Bd4
Ne5 28. Rd1 Qe6 29. b3 h6 30. Nc2 Kh7 31. Ne1 Rf7 32. Nhf3 g5 33. Nxe5 Bxe5 34.
Bxe5 Qxe5 35. Qe3 Re7 36. Nf3 Qg3 37. Qc5 Rc7 38. Qf8 Bxf3 39. Qxf5+ Kg7 40.
Qxf3 Qxf3 41. gxf3 Rxc3 42. Rd7+ Kg6 43. Rxb7 Rc1+ 44. Kf2 Rc2+ 45. Kg3 Rxa2
46. f4 gxf4+ 47. Kxf4 Rf2+ 48. Kg4 Rf6 49. h4 h5+ 50. Kg3 Kf5 51. Kf3 Ke5+ 52.
Ke3 Kf5 53. Rb4 Re6+ 54. Kf3 Rc6 55. Ke3 Re6+ 56. Kd3 Rg6 57. Ra4 Rg3+ 58. Kc2
Rg6 59. Kc3 Rc6+ 60. Kd4 Rb6 61. Kc4 Rg6 62. Kc5 Rf6 63. Rc4 Rg6 64. Kb4 Rf6
65. Ka5 Re6 66. b4 Rd6 67. Rc8 Kg4 1/2-1/2

[Event "LL Nord Werder 3 -Werder 4"]
[Site "?"]
[Date "2019.09.29"]
[Round "1.7"]
[White "Jung, Gerald"]
[Black "Elmali, Timur"]
[Result "0-1"]
[WhiteElo "1925"]
[BlackElo "2130"]
[PlyCount "50"]

1. e4 d6 2. d4 Nf6 3. Nc3 g6 4. Be3 c6 5. Qd2 b5 6. f3 Nbd7 7. g4 b4 8. Nce2 a5
9. g5 Nh5 10. Ng3 Nxg3 11. hxg3 Bg7 12. Nh3 Bb7 13. c4 bxc3 14. bxc3 Qc7 15.
Rc1 a4 16. Bd3 Ba6 17. c4 c5 18. d5 Rb8 19. O-O O-O 20. Rb1 Ne5 21. Rbc1 Rb2
22. Rc2 Rfb8 23. Qe2 R8b4 24. Bd2 Rxc2 25. Bxc2 Bxc4 0-1

[Event "LL Nord Werder 3 -Werder 4"]
[Site "?"]
[Date "2019.09.29"]
[Round "1.8"]
[White "Heldt, Nils-Lennart"]
[Black "Ballandis, Carsten"]
[Result "1-0"]
[WhiteElo "2103"]
[BlackElo "1917"]
[PlyCount "85"]

1. d4 f5 2. g3 Nf6 3. Bg2 e6 4. c4 d5 5. Nc3 c6 6. Nh3 Bd6 7. O-O O-O 8. Bf4
Ne4 9. Bxd6 Qxd6 10. e3 Nd7 11. Qc2 Ndf6 12. Ne2 Qb4 13. c5 Qd2 14. Qxd2 Nxd2
15. Rfd1 Nc4 16. b3 Na3 17. Nef4 Ne4 18. Bf1 Bd7 19. Rac1 g5 20. Nd3 h6 21. f3
Nf6 22. Ne5 Be8 23. b4 Nd7 24. Nxd7 Bxd7 25. Rd3 Nb5 26. a4 Nc7 27. Rb3 a6 28.
Nf2 Kg7 29. Nd3 Rfc8 30. Ne5 Be8 31. Kf2 Kf6 32. Bd3 Ke7 33. Rh1 Bf7 34. h4 Rh8
35. Kg2 Rag8 36. b5 axb5 37. axb5 f4 38. hxg5 Be8 39. b6 Nb5 40. Bxb5 cxb5 41.
exf4 hxg5 42. Rxh8 Rxh8 43. fxg5 1-0

[Event "LL Nord SG Osnabrück-Werder 3"]
[Site "?"]
[Date "2019.10.27"]
[Round "2.1"]
[White "Charmeteau, Sven"]
[Black "Hillebrand, Philipp"]
[Result "1-0"]
[WhiteElo "2348"]
[BlackElo "2169"]
[Annotator "Sven"]
[PlyCount "73"]
[EventDate "2019.??.??"]

{[%evp 0,73,16,28,97,43,127,128,123,87,81,69,57,58,89,45,102,74,74,41,48,21,29,
22,22,22,22,12,15,-29,12,14,14,18,10,18,25,23,29,1,40,31,45,67,86,78,113,103,
130,134,148,134,128,128,128,140,171,178,189,203,241,176,163,117,106,106,123,
127,167,171,206,207,211,227,326,326]} 1. e4 c5 2. Nf3 g6 3. d4 cxd4 4. Nxd4 Nc6
5. Nc3 Bg7 6. Be3 Nf6 7. Bc4 Qa5 8. O-O O-O 9. Bb3 d6 10. h3 Bd7 11. f4 (11.
Re1) 11... Nxd4 12. Bxd4 Bc6 13. Nd5 Rae8 14. Qf3 Bxd5 (14... Nxd5 15. Bxg7
Qc5+ 16. Rf2 Kxg7 17. exd5 Bd7 $11) 15. exd5 Nd7 16. Bxg7 Kxg7 17. Rae1 b5 18.
Re2 Qc7 19. Kh2 Nf6 20. Rfe1 a5 21. a4 bxa4 $6 (21... Qc5 22. axb5 Qxb5 23. Qc3
Rc8 24. Qd4 Qc5 25. Qxc5 Rxc5 26. Rxe7 Nxd5 27. Ra7 Nxf4 28. Rd1 $11) 22. Bxa4
Rb8 23. b3 $1 Qc5 (23... e6 24. dxe6 fxe6 25. Rxe6 Qxc2 26. Rxd6 $16) 24. c4
Rb7 25. Rxe7 Rxe7 26. Rxe7 Qd4 27. Qe3 Qa1 28. Qb6 Qa3 29. Qd4 h5 30. Qc3 (30.
f5 g5 31. Qe3 Nh7 (31... Kh6 32. Qc3 Kg7 33. Be8 Qc5 34. Qg3 Nh7 35. h4 g4 36.
Qf4 $18) 32. Be8 Qc5 33. f6+ (33. Qe6 $18) 33... Kh6 34. Qxc5 dxc5 35. d6 Nxf6
36. d7 $18) 30... Qc5 31. Qe3 (31. f5 g5 32. Qd2 Kh6 33. g3 Qc8 34. Qd3 Qc5 35.
Kg2 $18) 31... Qxe3 32. Rxe3 Rc8 $2 (32... h4 $1 33. g4 hxg3+ 34. Kxg3 Rh8 35.
Bc6 Nh5+ 36. Kf3 Nf6 37. c5 dxc5 38. d6 Rd8 39. Rd3 Kf8 40. h4 Ne8 41. d7 Nf6
42. f5 Ke7 $11) 33. Re7 Kf8 34. Ra7 Rc5 35. Kg3 Ne4+ 36. Kf3 Nf6 37. Ra8+ (37.
Ra8+ Ke7 38. g4 $18 {[%cal Rg4g5]}) 1-0

[Event "LL Nord SG Osnabrück-Werder 3"]
[Site "?"]
[Date "2019.10.27"]
[Round "2.2"]
[White "Schroeder, Boris"]
[Black "Kardoeus, David"]
[Result "1-0"]
[WhiteElo "2046"]
[BlackElo "2138"]
[Annotator "KD"]
[PlyCount "111"]
[EventDate "2017.12.10"]

1. d4 Nf6 2. c4 g6 3. Nc3 Bg7 4. e4 d6 5. Be2 O-O 6. Nf3 e5 7. O-O Nc6 8. d5
Ne7 9. b4 a5 10. bxa5 c5 11. dxc6 bxc6 {[%cal Gc6d5,Gc6b5]} (11... Nxc6 {
[%csl Ra5,Rc4][%cal Gc8c4]}) 12. Bg5 {[%cal Gc4c5]} Rxa5 $6 {auf a5 bedient
man sich für gewöhnlich sehr spät, da dadurch der a2-Bauer nicht ins Rollen
geraten kann.} (12... h6) 13. Qd2 Ra3 {Ideen mit Txc3} 14. Rfd1 Ne8 (14... Rxc3
15. Bxf6 $18) 15. Qb2 {[%csl Ra3][%cal Gc4c5]} Ra5 16. Qb8 f6 17. Be3 Qd7 18.
Bb6 Ra3 19. Nb1 Ra4 20. Nc3 Ra3 21. Nb1 Ra4 22. Nc3 Rb4 (22... Ra3 $11) 23. a3
Rb3 $2 (23... Rb2) 24. Na4 {[%cal Ga4c5,Gf3d2] und der Turm ist gefangen.} Qg4
25. Nd4 Qxe4 26. Nxb3 Qxe2 27. Bd8 Nf5 28. Qxc8 Qxc4 29. Na5 Qxa4 30. Nxc6 {
[%cal Gd8e7,Gc6e7]} Nd4 {macht es Weiß zu einfach. Der Rest wurde nur noch
runtergeblitzt...} 31. Nxd4 exd4 32. Be7 Rf7 33. Bxd6 Qd7 34. Qxd7 Rxd7 35. Bc5
f5 36. Rab1 Be5 37. Re1 Rd5 38. Bxd4 Bxd4 39. Rxe8+ Kf7 40. Re2 g5 $4 41. g3 (
41. Rd2 {[%cal Gb1d1]} Kf6 42. Rbd1 Ke5 43. Rxd4 Rxd4 44. Rxd4 Kxd4 45. Kf1 $18
) 41... Bc5 42. a4 f4 43. Kg2 Rd3 44. gxf4 gxf4 45. f3 Ra3 46. Rb5 Be3 47. a5
Ra1 48. Rc2 Rg1+ 49. Kh3 Rf1 50. Rc6 Ke7 51. Rb7+ Kd8 52. Ra6 Kc8 53. Rxh7 Kb8
54. Rg6 Rxf3+ 55. Kg4 Rg3+ 56. hxg3 1-0

[Event "LL Nord SG Osnabrück-Werder 3"]
[Site "?"]
[Date "2019.10.27"]
[Round "2.3"]
[White "Steffens, Olaf"]
[Black "Selker, Marc"]
[Result "1-0"]
[WhiteElo "2170"]
[BlackElo "2100"]
[PlyCount "67"]
[EventDate "2019.??.??"]

1. c3 e5 2. Qa4 Nc6 3. g4 d5 4. Bg2 Be6 5. d3 Bc5 6. Nf3 f6 7. Nbd2 Nge7 8. Nf1
Qd7 9. h3 a6 10. Ng3 b5 11. Qc2 Bb6 12. Nh4 O-O-O 13. b4 g6 14. a4 f5 15. axb5
axb5 16. Qa2 Nb8 17. gxf5 gxf5 18. Bg5 Rdf8 19. Nh5 Ng6 20. Nf6 Rxf6 21. Bxf6
Nxh4 22. Bxh4 Rg8 23. Kf1 Rg6 24. Qa8 f4 25. c4 Rxg2 26. Kxg2 dxc4 27. dxc4
bxc4 28. Rhd1 Bd4 29. Ra5 Bxh3+ 30. Kh2 Qg4 31. Rb5 Qxh4 32. Rxb8+ Kd7 33. Qd5+
Ke7 34. Qd8+ 1-0

[Event "LL Nord SG Osnabrück-Werder 3"]
[Site "?"]
[Date "2019.10.27"]
[Round "2.5"]
[White "Elmali, Timur"]
[Black "Bennemann, Ingmar"]
[Result "1-0"]
[WhiteElo "2130"]
[BlackElo "2009"]
[Annotator "Tim"]
[PlyCount "81"]
[EventDate "2019.??.??"]

1. d4 Nf6 2. c4 g6 3. Nc3 d5 4. Nf3 Bg7 5. b4 O-O 6. e3 c6 7. Bb2 Be6 8. c5 (8.
Ng5 Bg4) 8... Bg4 9. Be2 Nfd7 10. O-O e5 11. Nxe5 Bxe2 12. Nxe2 Nxe5 13. dxe5
Qe7 14. f4 f6 15. e4 dxe4 16. Qd4 (16. Qb3+ Kh8 17. Nd4 Re8 18. exf6 Bxf6)
16... fxe5 17. Qxe4 Nd7 18. Rad1 Rae8 19. f5 gxf5 20. Rxf5 Rxf5 21. Qxf5 Nf6
22. Rd6 a5 23. bxa5 Qc7 24. Rxf6 Bxf6 25. Qxf6 Qxa5 26. Qg5+ Kf7 27. Qh5+ Kf6
28. Nc3 (28. Kf1 Re7 29. Bxe5+ Rxe5 30. Qh6+ Kf5 31. Ng3+) 28... Qxc5+ 29. Kh1
Qe3 30. Qh4+ Ke6 31. Qg4+ Kd6 32. h3 Kc7 33. Ne4 Re7 34. Qh4 Rd7 35. Bxe5+ Kb6
36. Kh2 c5 37. Qf6+ Ka7 38. Nd6 Rxd6 39. Qxd6 h5 40. Bf4 Qf2 41. Bg3 1-0

[Event "LL Nord Bremen-Nord -Werder 3"]
[Site "?"]
[Date "2019.11.24"]
[Round "3.1"]
[White "Charmeteau, Sven"]
[Black "Jugelt, Tobias"]
[Result "1/2-1/2"]
[WhiteElo "2356"]
[BlackElo "2392"]
[Annotator "Sven"]
[PlyCount "114"]
[EventDate "2019.??.??"]

{[%evp 0,114,16,28,86,89,86,86,112,96,74,79,82,83,70,67,58,58,75,90,88,90,127,
66,104,71,63,68,62,62,62,23,27,35,45,56,56,60,64,31,39,13,13,13,13,13,13,13,10,
15,15,15,28,12,24,28,35,0,31,0,52,74,115,103,103,-83,-83,-89,-89,-110,-37,-54,
-64,-127,-127,-263,-249,-264,-275,-247,-133,-131,-167,-124,-120,-130,-91,-222,
-126,-169,-173,-206,-42,-50,-9,-9,84,0,0,-91,0,0,12,-91,-60,-91,-60,-107,0,0,0,
0,0,0,0,0,0]} 1. e4 g6 2. d4 Bg7 3. Nc3 c5 4. dxc5 Bxc3+ 5. bxc3 Qa5 {[#]} 6.
Ne2 (6. Qd4 Nf6 7. Qb4 Qc7 8. Nf3 Nc6 9. Qa4 $14) 6... Nc6 7. Be3 Nf6 8. f3 b6
9. cxb6 axb6 10. Rb1 (10. Qb1 Rb8 11. Qb3 O-O 12. Nf4 $16) 10... Rb8 11. g4 (
11. Nf4 d6 (11... Qxc3+ 12. Qd2 Qa3 13. Nd5 Qxa2 14. Qc1 Qa5+ 15. Bd2 Qc5 16.
Rb5 Qd6 17. Bf4 e5 18. Bg5 $18) 12. Bb5 $16) 11... Ne5 12. Bg2 Ba6 13. O-O d6
14. Re1 O-O 15. Bd4 Rfc8 16. Nf4 Bc4 $2 (16... e6) 17. g5 Nfd7 18. Nd5 Nc6 19.
Bh3 (19. Bf2 $16) 19... e6 20. Nf6+ Nxf6 21. Bxf6 {[#]} Qc5+ 22. Kh1 Bxa2 23.
Ra1 Ra8 24. Qd2 Bc4 25. Bg2 Ra5 26. h4 (26. f4 d5 27. Rad1 $14) 26... h5 $6 (
26... d5 27. Rab1 dxe4 28. fxe4 Ne5 29. Qd4 Ng4 30. Qxc5 bxc5 $11) 27. gxh6 Kh7
28. Rad1 d5 29. e5 (29. Rg1 Rg8 30. Bh3 dxe4 31. fxe4 Qh5 32. Bg4 Qxh6 33.
Qxh6+ Kxh6 34. Rd7 Ne5 35. Rc7 Nxg4 36. Rxg4 Be2 37. Rf4 $16) 29... Ne7 30. Bh3
Ra7 31. Rg1 Bb5 {[#]} 32. Qg5 $2 (32. Rb1 Ba4 33. Ra1 Qxc3 (33... b5 34. Qg5
Rac7 35. h5 Rg8 36. Bxe6 $1 fxe6 (36... gxh5 37. Qxg8+ Nxg8 38. Bf5+ Kxh6 39.
Bg7#) (36... Qxc3 37. Bxf7 Qxf3+ 38. Rg2 Qxh5+ 39. Qxh5 gxh5 40. Bxg8+ Nxg8 41.
Rag1 Nxh6 42. Rg7+ Rxg7 43. Rxg7+ Kh8 44. e6 $18) 37. Bxe7 Qxe7 38. hxg6+ Kh8
39. g7+ Rxg7 40. hxg7+ Qxg7 41. Qd8+ $18) 34. Qxc3 Rxc3 35. Bxe7 Rxe7 36. Rxa4
Rxf3 37. Bf1 $16) (32. Ra1 Rxa1 33. Rxa1 Qc7 34. h5 Rg8 35. Rg1 Bc4 (35... Nf5
36. Bxf5 exf5 37. hxg6+ Rxg6 38. Rxg6 fxg6 39. Qxd5 $18) 36. Kh2 $18) 32... Be2
33. Rd2 (33. Rdf1 Bxf1 34. Bxf1 Rg8 35. h5 Qf2 36. Bxe7 Qxf3+ 37. Bg2 Qxh5+ 38.
Qxh5 gxh5 39. Bb4 $11) 33... Bxf3+ 34. Kh2 (34. Bg2 Bh5 35. c4 dxc4 36. Bxe7
Qxe7 37. Be4 c3 $17) 34... Be4 35. h5 Rg8 36. Rf1 Nf5 37. Bg7 Qxc3 38. hxg6+
fxg6 39. Rg1 Raxg7 (39... Nh4 $1 40. Bg4 Nf3+ 41. Bxf3 Qxf3 $19) 40. Bxf5 Bxf5
41. Rg3 Qxe5 42. hxg7 Qxg7 43. Kg1 Ra8 44. Rh2+ Kg8 45. Rh4 {[#]} d4 $2 $11 (
45... Bxc2 $1 46. Rgh3 Ra1+ 47. Kh2 (47. Kf2 Qf8+ 48. Rf3 Bf5 49. Qf4 Ra2+ 50.
Kg3 Qd8 $19) 47... Qc7+ 48. Qf4 Qxf4+ 49. Rxf4 Kg7 $19) 46. Qf4 Rd8 47. Rg2 e5
48. Qf3 (48. Rh8+ Kxh8 49. Qh4+ Kg8 50. Qxd8+ $11) 48... Qf6 49. Rh5 (49. Rgh2
Qg5+ 50. Kf1 Qc1+ 51. Kf2 $11) 49... Kf8 50. Rh7 Kg8 51. Rh5 Rf8 52. Qb7 Qf7
53. Qc6 Kg7 54. Qd6 Qf6 {[#]} 55. Qc7+ Rf7 56. Qb8 Rf8 57. Qc7+ Rf7 1/2-1/2

[Event "LL Nord Bremen-Nord -Werder 3"]
[Site "?"]
[Date "2019.11.24"]
[Round "3.2"]
[White "Janusch, Gerd"]
[Black "Kardoeus, David"]
[Result "0-1"]
[WhiteElo "2197"]
[BlackElo "2138"]
[Annotator "KD"]
[PlyCount "66"]
[EventDate "2017.12.10"]

1. Nf3 Nf6 2. g3 g6 3. Bg2 Bg7 4. O-O O-O 5. d4 d6 6. c4 c5 7. Nc3 Nc6 8. d5
Na5 9. Nd2 a6 10. Qc2 b5 $1 {bekanntes Bauernopfer initiiert von Liren Ding}
11. cxb5 axb5 12. Nxb5 Bf5 $6 (12... Qb6 {genauer, da man nicht erlaubt, dass
Weiß dazu kommt, seinen Springer mit dem Läufer zu überdecken und der
Springer wohl nach c3 gehen muss...} 13. Nc3 Bf5 14. e4 Bc8 15. h3 Ba6 16. Rd1
Nd7 17. Nf3 Nc4 18. Rb1 Qb4 19. Bf1 Rfb8 20. Bxc4 Qxc4 21. Bg5 Bxc3 22. bxc3
Qe2 23. Nd2 Ne5 24. Rxb8+ Rxb8 25. Qa4 f6 26. Be3 Kf7 27. Qc2 Nf3+ 28. Kg2 Bd3
29. Qa4 Nxd2 30. Rxd2 Qf1+ {0-1 (30) Pantsulaia,L (2614)-Ding,L (2659)
Qinhuangdao 2011}) 13. e4 {[%csl Rd3] schwächt das Feld d3} Bc8 14. Re1 Ba6 {
[%cal Gf6g4,Gg4e5]} 15. a4 {[%cal Gf6g4,Gg4e5]} Qb6 {[%cal Gf6g4,Gg4e5]} 16.
Bf1 {[%cal Gf6g4,Gg4e5]} Ng4 {[%cal Gg4e5]} 17. Be2 {[%cal Gg4e5]} Ne5 {
[%cal Gc5c4,Ge5d3,Gf8c8] Schwarz hat hier genug Möglichkeiten um Weiß das
Leben schwer zu machen.} 18. Rb1 {[%cal Ra8a1,Rg7a1]} c4 {[%cal Ga6b5]} 19. b4
cxb3 20. Qc7 $2 {will vereinfachen, erschwert aber leider nur...} (20. Nxb3 $8
{nun ist die Initiative von Schwarz verpufft und Weiß hat das schlimmste
überstanden, auch wenn es noch nicht ganz einfach ist} Rfc8 21. Qd1 Nac4 $14 {
[%cal Ga6b5]}) 20... Qxc7 21. Nxc7 Bxe2 $1 22. Rxe2 (22. Nxa8 Bd3 $19 {[%csl
Rb1][%cal Rg7a1,Rd3b1]}) 22... Rac8 23. Nb5 Rc2 {die Fesselung des Springers
ist enorm nervig und man behält Sf3-Optionen im Spiel} ({auch interessant ist
} 23... Nd3 {[%csl Rc1]} 24. Ba3 b2 25. Re3 Rc1+ 26. Kg2 Rxb1 27. Nxb1 Nc1 $5 {
[%csl Re3][%cal Yc1e2,Yc1d3,Yc1b3,Yg7c3,Ga5c4] und die weißen Figuren stehen
wahnsinnig schlecht}) 24. Kf1 (24. Nd4 Nd3 $1 {[%csl Rc1,Rd4]} 25. Nxc2 bxc2
$19 {[%csl Rb1]}) 24... Rfc8 25. Ba3 Nec4 $8 26. Bb4 (26. Nxb3 Nxb3 27. Rxb3 (
27. Rxc2 Ncd2+ 28. Rxd2 Nxd2+ $19) 27... Nd2+ $19) 26... b2 {[%cal Gc2c1]} 27.
Nxc4 Rc1+ 28. Re1 R8xc4 $1 29. Bd2 (29. Bxa5 $4 Rxb1 $1 {[%cal Gc4c1]}) 29...
Rxe1+ ({genauer ist} 29... Rxb1 $1 {weil nun der weiße König ein Feld weiter
weg steht. In einer anderen Variante gesehen, hier leider versäumt...} 30.
Rxb1 Nb3 {[%cal Gc4a4,Ga4a1]}) 30. Kxe1 Rxe4+ 31. Kd1 Rxa4 32. Kc2 Ra1 {
[%cal Ga5c4,Gc4a3]} 33. Bc3 {[%cal Ga5c4,Gc4a3]} Nc4 {[%cal Gc4a3]} 0-1

[Event "LL Nord Bremen-Nord -Werder 3"]
[Site "?"]
[Date "2019.11.24"]
[Round "3.3"]
[White "Colbow, Collin"]
[Black "Doescher, Arne"]
[Result "1-0"]
[WhiteElo "2155"]
[BlackElo "2079"]
[Annotator "Colbow,Collin"]
[PlyCount "85"]
[EventDate "2016.??.??"]
[WhiteTeam "SAbt SV Werder Bremen III"]
[BlackTeam "SKBN I"]

{[%evp 0,48,19,31,72,53,48,38,39,14,50,42,62,59,43,-4,-10,-3,7,-7,26,-20,-14,
-28,14,0,21,9,15,4,31,31,75,75,49,49,49,49,63,72,72,75,71,56,73,63,172,54,177,
137,129]} 1. e4 c5 2. Nf3 Nc6 3. d4 cxd4 4. Nxd4 Nf6 5. Nc3 e5 6. Ndb5 d6 7.
Bg5 a6 8. Na3 b5 9. Nd5 Be7 10. Bxf6 Bxf6 11. c4 b4 12. Nc2 a5 13. Qf3 Bg5 14.
h4 Bh6 15. g4 Bf4 16. Nxf4 Qf6 17. O-O-O (17. g5 Qxf4) 17... Qxf4+ 18. Qxf4
exf4 19. Rxd6 Ne5 20. Nd4 Bxg4 21. Rg1 h5 $2 (21... O-O 22. Rd5 f6 23. c5 Rfc8
24. Kb1 $14 {[%csl Gc5][%cal Gf1b5,Gg1c1]}) 22. Rd5 $1 Ng6 (22... f6 23. f3
Nxf3 (23... Bxf3 24. Rxe5+ fxe5 25. Nxf3) 24. Nxf3 Bxf3 25. Rxg7 Bxe4 26. Rdd7
$16 {[%csl Gd7,Gg7][%cal Ya7h7,Yh7a7]}) 23. c5 $2 (23. f3 Bd7 24. c5 $16) 23...
f3 (23... Nxh4 24. Bb5+ Ke7 25. f3) 24. Bb5+ Kf8 25. c6 Nf4 26. Rc5 Rh6 27. c7
Rc8 28. e5 Rb6 29. Kd2 {[%cal Gd2e3,Gg1c1]} f6 30. Rxg4 hxg4 31. Bd7 Rxc7 32.
Rxc7 fxe5 33. Nf5 g6 34. Ne3 Rd6+ 35. Kc2 g3 36. fxg3 Ne2 (36... Ng2 37. Ng4
Ne1+ 38. Kb3 Nd3 39. Bb5 f2 40. Ne3 $18) 37. Bg4 e4 38. Nf1 $2 (38. Rd7 Rc6+ (
38... Rxd7 39. Bxd7 Nxg3 40. Kd2 $16) 39. Kd2 Nxg3 40. Ke1 $16) 38... Nd4+ $2 (
38... Rd3 {[%cal Ge2d4]} 39. Rc4 Nd4+ 40. Kc1 Ne2+ 41. Kc2 Nd4+ 42. Kb1 Ne2 $11
43. Kc2 Nd4+) 39. Kb1 Ne2 40. Rd7 Rc6 41. Rd1 Ke7 42. Re1 Kf6 $2 (42... Rd6 43.
Kc2 Kf6 44. Nd2 Nd4+ 45. Kb1 $18) 43. Nd2 (43. Nd2 Nxg3 (43... Ke5 44. Nxf3+
exf3 45. Bxf3 {[%csl Ge1][%cal Ye1e5]}) 44. Nxe4+ Nxe4 45. Rxe4) 1-0